| 000 | 00757nam a22002177a 4500 | ||
|---|---|---|---|
| 999 |
_c2309 _d2309 |
||
| 003 | AR-CdUCM | ||
| 008 | 190304b ||||| |||| 00| 0 spa d | ||
| 040 |
_aMUNICIPALIDAD PROVINCIAL DEL CUSCO _cBIBLIOTECA MUNICIPAL DEL CUSCO |
||
| 041 | _heng | ||
| 082 |
_a311 / _bH65 |
||
| 100 |
_aHoel, Paul G. _98336 |
||
| 245 | _aEstadística elemental / | ||
| 260 |
_aMéxico, D. F : _bContinental, _c1961. |
||
| 300 |
_a302 paginas ; _c23 cm. |
||
| 505 | _a Naturaleza de métodos estadísticos -- Descripción de datos de muestras -- Probabilidad -- Distribución teórica de frecuencias ... | ||
| 650 |
_aEstadística matemática _98337 |
||
| 650 |
_aTeoría de frecuencias _98338 |
||
| 700 |
_aDignowity, Lionel _98339 |
||
| 942 |
_2ddc _cLIBROS |
||
| 945 | _aacv | ||